banner-ar

TORRORISM AND THE MEDIA / (Record no. 11847)

MARC details
000 -الفاتح
حقل البيانات ثابتة الطول 00501nam a2200193Ia 4500
008 - عناصر البيانات ثابتة الطول - معلومات عامة
حقل البيانات ثابتة الطول 140319s9999 xx 000 0 eng d
040 ## - مصدر الفهرسة
وكالة الفهرسة الأصلية GCL /
وكالة النسخ GCL
082 04 - رقم تصنيف ديوى العشرى
رقم التصنيف 303.625
رقم المادة T T
100 1# - المدخل الرئيسى - إسم شخصى
الإسم الشخصى PALETZ, DAVID L
245 10 - بيان العنوان
العنوان TORRORISM AND THE MEDIA /
بيان المسئوليه,etc PALETZ, DAVID L
700 1# - المدخل الاضافى - اسم شخصى
الإسم الشخصى SCHMID, ALEX P
260 ## - PUBLICATION, DISTRIBUTION, ETC. (IMPRINT)
تاريخ النشر أو التوزيع 1992
300 ## - الوصف المادى
التعداد 250\P
650 04 - المدخل الاضافى بالموضوع-مصطلح موضوعى
مصطلح موضوعي MASS MEDIA
650 04 - المدخل الاضافى بالموضوع-مصطلح موضوعى
مصطلح موضوعي SCHMID, ALEX P
650 04 - المدخل الاضافى بالموضوع-مصطلح موضوعى
مصطلح موضوعي TERRORISM - MASS MEDIA
942 ## - عناصر المدخل الإضافي( كوها)
مصدر التصنيف او مخطط الترفيف Dewey Decimal Classification
Koha [default] item type كتاب
260 ## - PUBLICATION, DISTRIBUTION, ETC. (IMPRINT)
-- [S.N] :
-- SAGE PUBLICATIONS ،
Holdings
حالة التراجع حالة الفقد حالة تلف ليس للاعارة المكان المؤقت الموقع الحالى تاريخ الاكتساب اجمالي اﻻعارات رقم الطلب الباركود تاريخ اخر مشاهدة تاريخ تفعيل السعر نوع وعاء كوها
        مكتبة القاهرة الكبرى مكتبة القاهرة الكبرى 03/26/2014   303.625\T T 23286 03/26/2014 03/26/2014 كتاب

Powered By

EGPV